| 000 | 004000000a22001090004500 | ||
|---|---|---|---|
| 245 | 1 | 0 | _aYour home: their survival |
| 300 | _aVol.0, núm.119 ( Spring 2008), Páginas 15-18 | ||
| 500 | _aCampaña de ahorro: Carbon Fast para promover conciencia global de los afectados por el uso excesivo o irresponsable de los recursos, y | ||
| 650 | 1 | 4 | _aRECURSOS NATURALES-AHORRO |
| 773 | 0 | _tTeartimes | |
| 942 | _cANA | ||
| 999 |
_c62550 _d62550 |
||